| 000 | 01171nam a2200301 c 4500 | ||
|---|---|---|---|
| 999 |
_c160536 _d160536 |
||
| 003 | BLK | ||
| 005 | 20220225155401.0 | ||
| 008 | 180410b bul|||||r ||||||| ||bul|| | ||
| 010 | _aKNG00167758000 | ||
| 040 | _aBLK | ||
| 041 |
_aBUL _cBUL |
||
| 072 | 7 |
_2bullib _aК _xКраезнание |
|
| 080 |
_aБългарска литература _b821.163.2 _x-31 _z821.163.2-31 |
||
| 100 | 1 |
_aМантов, Димитър Стефанов _eпърви автор _9379725 |
|
| 139 |
_aМантов, Димитър Стефанов _bМ 28 |
||
| 245 | 1 | 0 |
_aПрадеди и правнуци _bРомани _cДимитър Стефанов Мантов. |
| 257 | _aBGR | ||
| 260 |
_bБълг. писател _c1990 _fВарна : Ст. Добрев-Странджата |
||
| 300 |
_a363 с. _c21 см |
||
| 380 | _aX | ||
| 500 | _a20 112 тир. Съдържа: Хайдушка кръв; Лудите глави. | ||
| 659 | _aК | ||
| 852 | _aЦб 162595 | ||
| 852 | _aК 821.163.2/М 28 Е | ||
| 856 | 4 | _qpdf | |
| 856 | 4 | _qpdf | |
| 942 |
_cKNG _n0 _01 _s1 |
||
| 944 |
_aCR _c27.11.2014 _l27.11.2014 - от С1,Р / 27.11.2014 _kНора_Радева |
||
| 944 |
_aED _c27.11.2014 _l27.11.2014 - от С1,Р / 27.11.2014 |
||
| 999 | _d160536 | ||